Phonétique du FLE : Prononciation : de la lettre au son (notice n° 2198693)

détails MARC
000 -LEADER
fixed length control field 01052cam a2200169 4500500
005 - DATE AND TIME OF LATEST TRANSACTION
control field 20260405085558.0
041 ## - LANGUAGE CODE
Language code of text/sound track or separate title fre
042 ## - AUTHENTICATION CODE
Authentication code dc
100 10 - MAIN ENTRY--PERSONAL NAME
Personal name Léon, Pierre
Relator term author
245 00 - TITLE STATEMENT
Title Phonétique du FLE : Prononciation : de la lettre au son
260 ## - PUBLICATION, DISTRIBUTION, ETC.
Name of publisher, distributor, etc. Armand Colin,<br/>
Date of publication, distribution, etc. 2009.<br/>
520 ## - SUMMARY, ETC.
Summary, etc. Ce livre est un aide-mémoire sur le rapport lettre-son dans l’enseignement du français langue étrangère. Le débutant apprend souvent à lire et à écrire le français avant d’en maîtriser la phonétique. Le futur enseignant trouvera ici l’explication de la prononciation des lettres du français. Il pourra enseigner comment éviter tous les pièges de l’orthographe de notre langue. La présentation alphabétique (un chapitre par lettre et par combinaison) et le glossaire faciliteront la consultation.
700 10 - ADDED ENTRY--PERSONAL NAME
Personal name Léon, Monique
Relator term author
700 10 - ADDED ENTRY--PERSONAL NAME
Personal name Léon, Françoise
Relator term author
700 10 - ADDED ENTRY--PERSONAL NAME
Personal name Thomas, Alain
Relator term author
856 41 - ELECTRONIC LOCATION AND ACCESS
Uniform Resource Identifier <a href="https://shs.cairn.info/phonetique-du-fle--9782200355647?lang=fr&redirect-ssocas=7080">https://shs.cairn.info/phonetique-du-fle--9782200355647?lang=fr&redirect-ssocas=7080</a>

Pas d'exemplaire disponible.

PLUDOC

PLUDOC est la plateforme unique et centralisée de gestion des bibliothèques physiques et numériques de Guinée administré par le CEDUST. Elle est la plus grande base de données de ressources documentaires pour les Étudiants, Enseignants chercheurs et Chercheurs de Guinée.

Adresse

627 919 101/664 919 101

25 boulevard du commerce
Kaloum, Conakry, Guinée

Réseaux sociaux

Powered by Netsen Group @ 2025